Normal view
MARC view
Entry Personal Name
001 - CONTROL NUMBER
- control field: 60068
003 - CONTROL NUMBER IDENTIFIER
- control field: OSt
005 - DATE AND TIME OF LATEST TRANSACTION
- control field: 20260413112614.0
008 - FIXED-LENGTH DATA ELEMENTS
- fixed length control field: 260413|| aca||aabn | a|a d
040 ## - CATALOGING SOURCE
- Original cataloging agency: OSt
- Transcribing agency: OSt
100 ## - HEADING--PERSONAL NAME
- Personal name: Priscilla, Laishram Sharma, Ph. Romen and Manjunatha, B. L.
670 ## - SOURCE DATA FOUND
- Source citation: Work cat.: (OSt): Priscilla, Laishram Sharma, Ph. Romen and Manjunatha, B. L. , Does access to veterinary department and cooperatives for technical advice improve livestock farmers’ income? Evidence from recent NSSO survey, India
